Les festivals de Stardew Valley - Statistiques

Statistiques générales
  • Ce quiz a été pris 35 fois
  • Le résultat moyen est 3 sur 12
Statistiques - réponses
Indice Réponse % Correct
Printemps 13 Fête des Oeufs
53%
Printemps 15-17 Festival du désert
50%
Hiver 25 Fête de l'Étoile Hivernale
27%
Automne 27 Fête des Esprits
27%
Hiver 15-17 Marché nocturne
27%
Hiver 8 Festival des Glaces
23%
Été 20-21 Derby de la truite
20%
Été 11 Fête Hawaïenne
20%
Automne 16 Grand Festival de Stardew Valley
20%
Printemps 24 Dance des Fleurs
10%
Hiver 12-13 Fête du calamar
7%
Été 28 Danse des Méduses Clair de Lune
3%
Aucun quiz correspondant
Distribution des résultats
% des personnes avec chaque résultat
Percentile par nombre de réponses
Votre historique - résultats
Vous n’avez pas pris ce quiz